Statistics for Every character death in 13 reasons why

Click here to take the quiz!

General Stats

  • This quiz has been taken 139 times
  • The average score is 4 of 5

Answer Stats

HintAnswer% Correct
2Hannah Baker
97%
3Bryce Walker
94%
5Justin Foley
85%
4Montgomery De La Cruz
65%
1Jeff Atkins
50%

Score Distribution

Percentile by Number Answered

Percent of People with Each Score

Your Score History

You have not taken this quiz